CUCA - Cultura Capixaba (Registro n. 686)
[ somente texto ]
| 000 -LEADER | |
|---|---|
| fixed length control field | 00700nas a22002057a 4500 |
| 005 - DATE AND TIME OF LATEST TRANSACTION | |
| control field | 20260603153739.0 |
| 008 - FIXED-LENGTH DATA ELEMENTS--GENERAL INFORMATION | |
| fixed length control field | 260515d19771986porb||p|r||||s00| z por d |
| 040 ## - CATALOGING SOURCE | |
| Transcribing agency | BR-ViAPE |
| 245 ## - TITLE STATEMENT | |
| Title | CUCA - Cultura Capixaba |
| 260 ## - PUBLICATION, DISTRIBUTION, ETC. | |
| Place of publication, distribution, etc. | Vitória |
| Name of publisher, distributor, etc. | Fundação Cultura do Espírito Santo |
| Date of publication, distribution, etc. | 1977-1986 |
| 300 ## - PHYSICAL DESCRIPTION | |
| Extent | v. |
| Other physical details | il. |
| 310 ## - CURRENT PUBLICATION FREQUENCY | |
| Current publication frequency | Bimestral |
| 362 ## - DATES OF PUBLICATION AND/OR SEQUENTIAL DESIGNATION | |
| Dates of publication and/or sequential designation | Ano 1, n. 0 (fev. 1977) - ano 2, n. 5 (jul. dez. 1986). |
| 500 ## - GENERAL NOTE | |
| General note | Coleção incompleta: disponíveis apenas alguns números do periódico. |
| 650 ## - SUBJECT ADDED ENTRY--TOPICAL TERM | |
| Topical term or geographic name entry element | Cultura |
| General subdivision | Arte |
| -- | Entrevista |
| Geographic subdivision | Espírito Santo |
| 651 ## - SUBJECT ADDED ENTRY--GEOGRAPHIC NAME | |
| Geographic name | Espírito Santo (Brasil) |
| Form subdivision | Periódicos |
| 710 ## - ADDED ENTRY--CORPORATE NAME | |
| Corporate name or jurisdiction name as entry element | Fundação Cultural do Espírito Santo |
| 942 ## - ADDED ENTRY ELEMENTS (KOHA) | |
| Source of classification or shelving scheme | Dewey Decimal Classification |
| Koha item type | Periódicos |
| Suppress in OPAC | Yes |
| Withdrawn status | Lost status | Source of classification or shelving scheme | Damaged status | Not for loan | Home library | Current library | Date acquired | Total checkouts | Date last seen | Price effective from | Koha item type |
|---|---|---|---|---|---|---|---|---|---|---|---|
| Dewey Decimal Classification | Hemeroteca Digital do Arquivo Público do Estado do Espírito Santo | Hemeroteca Digital do Arquivo Público do Estado do Espírito Santo | 05/15/2026 | 05/15/2026 | 05/15/2026 | Periódicos |